Novodobá migrácia za prácou a jej regionálna diferenciácia diplomová práca

Salvato in:
Dettagli Bibliografici
Autore principale: Nagyová, Jana
Ente Autore: Národohospodárska fakulta EU. Katedra verejnej správy a regionálneho rozvoja
Altri autori: Vlčková, Viera
Natura: Libro
Lingua:slovacco
Pubblicazione: Bratislava 2009
Tags: Aggiungi Tag
Nessun Tag, puoi essere il primo ad aggiungerne!!

MARC

LEADER 00000nam$a2200000$$$4500
001 0098450
005 20240319124856.1
041 0 |a slo 
044 |a SK 
245 1 0 |a Novodobá migrácia za prácou a jej regionálna diferenciácia  |b diplomová práca  |c Jana Nagyová ; škol. Viera Vlčková 
264 1 |a Bratislava  |c 2009 
300 |a 69 s. 
100 1 |a Nagyová, Jana 
700 1 |a Vlčková, Viera 
710 2 |a Národohospodárska fakulta EU. Katedra verejnej správy a regionálneho rozvoja